01448aam a2200337 a 4500999001700000001001000017003000900027005001700036008004100053020002500094020001800119040004500137082002000182245012900202250001900331250002700350264004700377300004300424336002600467337002800493338002700521504005100548520021100599650003200810650002600842653002100868655002400889700004000913942001200953952014500965 c28352d28323013677961EG-ScBUE20200317110528.0060710s2007 stka f b 001 0 eng d a9780443101083 (pbk.) a9780443101076 aStDuBDSbengerdacStDuBDSdUkdEG-ScBUE04a615.19bAUL22200aAulton's pharmaceutics :bthe design and manufacture of medicines /cedited by Michael E. Aulton, BPharm PhD FAAPS FRPharms. aThird edition. aInternational edition. 1aEdinburgh :bChurchill Livingstone,c2007. ax, 717 pages :billustrations ;c25 cm atext2rdacontentbtxt aunmediated2rdamediabn avolume2rdacarrierbnc aIncludes bibliographical references and index. aPharmaceutics is the art of pharmaceutical preparations. It encompasses design of drugs, their manufacture and the elimination of micro-organisms from the products. This book encompasses all of these areas. 7aDrugsxDosage forms.2BUEsh 7aDrugsxDesign.2BUEsh bPPhrmcMarch2020 vReading book9342321 aAulton, Michael E.,eeditor.930137 2ddccBB 00102ddc40708BaccahaMAINbMAINc1STd2020-03-17ePurchasel1m3o615.19 AULp000049022r2025-07-15 00:00:00s2025-02-27w2020-03-17yBB